00145 a2200073 4500100002100000245002800021260001400049300000800063 aMoorhead/Griffin aOrganizational behavior aNew Delhi a622